[Event "CUB-ch U18 Girls"]
[Site "Pinar del Rio"]
[Date "2019.07.02"]
[Round "7"]
[White "Nieto Rego, Ana"]
[Black "Rodriguez Matos, Adriana"]
[Result "1-0"]
[WhiteElo "1919"]
[BlackElo "1671"]
[PlyCount "45"]
[EventDate "2019.06.28"]
[EventType "swiss"]
[EventRounds "9"]
[EventCountry "CUB"]
[SourceTitle "CBM 195 Extra"]
[Source "ChessBase"]
[SourceDate "2020.05.31"]
[SourceVersion "1"]
[SourceVersionDate "2020.05.31"]
[SourceQuality "1"]

1. e4 e5 2. Nf3 Nc6 3. Bb5 f5 4. d3 fxe4 5. dxe4 Nf6 6. 0-0 Bc5 7. Bg5 0-0 8. Nc3 Qe8 9. Bxf6 Rxf6 10. Qd5+ Qf7 11. Qxc5 d6 12. Qe3 Kh8 13. Nd5 Rh6 14. Bc4 Qh5 15. Qg5 Qf7 16. Nb6 Qf8 17. Nxa8 Bh3 18. Nh4 Nd4 19. f4 Bxg2 20. Nxg2 Nxc2 21. fxe5 Qxa8 22. Rf7 Qg8 23. Raf1 1-0

[Event "CUB Province-chT Schools 54th"]
[Site "Santa Clara"]
[Date "2018.07.14"]
[Round "3.8"]
[White "Vieites Santana, Daniela Ines"]
[Black "Rodriguez Matos, Adriana"]
[Result "1-0"]
[WhiteElo "1804"]
[BlackElo "1641"]
[PlyCount "105"]
[EventDate "2018.07.13"]
[EventType "team-swiss"]
[EventRounds "9"]
[EventCountry "CUB"]
[SourceTitle "CBM 195 Extra"]
[Source "ChessBase"]
[SourceDate "2020.05.31"]
[SourceVersion "1"]
[SourceVersionDate "2020.05.31"]
[SourceQuality "1"]
[WhiteTeam "Cienfuegos"]
[BlackTeam "Guantanamo"]
[WhiteTeamCountry "CUB"]
[BlackTeamCountry "CUB"]

1. e4 e5 2. Nf3 Nc6 3. Bc4 Bc5 4. 0-0 Nf6 5. d3 d6 6. Be3 Bb6 7. Nbd2 0-0 8. c3 Be6 9. Bb3 d5 10. exd5 Nxd5 11. Bxb6 axb6 12. Nc4 Nf4 13. Qc2 Qf6 14. Ne1 Rad8 15. Rd1 Ne7 16. Ne3 Neg6 17. Bxe6 fxe6 18. f3 Qg5 19. Ng4 h5 20. Nf2 h4 21. Ne4 Qh6 22. Kh1 Rd7 23. d4 Rdf7 24. b4 Rf5 25. a4 Ne7 26. dxe5 Ned5 27. Qd2 Rxe5 28. c4 Nf6 29. Nxf6+ Qxf6 30. Nd3 Re2 31. Qxf4 Qxf4 32. Nxf4 Rxf4 33. Rc1 Rd4 34. a5 bxa5 35. bxa5 Ra2 36. Rfd1 Rc2 37. h3 Rdxc4 38. Rxc2 Rxc2 39. Rb1 c5 40. Rxb7 Ra2 41. Rb5 c4 42. Rc5 Ra4 43. a6 Rxa6 44. Rxc4 Kf7 45. Rxh4 e5 46. Rc4 Kf6 47. Kh2 Rd6 48. g4 Kg5 49. Kg3 g6 50. h4+ Kh6 51. Rc8 Re6 52. Rc7 Re8 53. g5+ 1-0

[Event "CUB Province-chT Schools 54th"]
[Site "Santa Clara"]
[Date "2018.07.13"]
[Round "2.6"]
[White "Rodriguez Matos, Adriana"]
[Black "Heredero Gascon, Elizabeth"]
[Result "0-1"]
[WhiteElo "1641"]
[BlackElo "1729"]
[PlyCount "114"]
[EventDate "2018.07.13"]
[EventType "team-swiss"]
[EventRounds "9"]
[EventCountry "CUB"]
[SourceTitle "CBM 195 Extra"]
[Source "ChessBase"]
[SourceDate "2020.05.31"]
[SourceVersion "1"]
[SourceVersionDate "2020.05.31"]
[SourceQuality "1"]
[WhiteTeam "Guantanamo"]
[BlackTeam "Ciego de Avila"]
[WhiteTeamCountry "CUB"]
[BlackTeamCountry "CUB"]

1. e4 e5 2. Nf3 Nf6 3. Nxe5 d6 4. Nf3 Nxe4 5. Nc3 Nf6 6. d4 d5 7. Bf4 c6 8. Ne5 Be7 9. Bd3 Be6 10. 0-0 Nbd7 11. Re1 0-0 12. Qe2 Re8 13. Qf3 Qb6 14. Ne2 Nf8 15. c3 Ng6 16. Bg3 Qd8 17. h4 Qc8 18. Nf4 Nxf4 19. Bxf4 Bf5 20. Rad1 Bxd3 21. Rxd3 Ne4 22. Bg3 Qe6 23. Ng4 h5 24. Ne5 g6 25. Rde3 Qf6 26. Qe2 Qg7 27. Qf3 Qf6 28. Bf4 Qg7 29. Bh6 Qf6 30. Qxf6 Bxf6 31. Nf3 Nd6 32. Ne5 Bxh4 33. g3 Bf6 34. Bf4 Bxe5 35. Bxe5 Nc4 36. R3e2 Nxe5 37. Rxe5 Rxe5 38. Rxe5 Kf8 39. Kg2 Re8 40. Rxe8+ Kxe8 41. Kf3 Ke7 42. Kf4 f6 43. f3 Ke6 44. a3 g5+ 45. Ke3 h4 46. Kf2 hxg3+ 47. Kxg3 Kf5 48. b3 b5 49. b4 a6 50. Kg2 Kf4 51. Kf2 g4 52. fxg4 Kxg4 53. Kg2 Kf4 54. Kf2 f5 55. Ke2 Kg3 56. Ke3 f4+ 57. Ke2 Kg2 0-1

[Event "Moncada Cup"]
[Site "Santiago de Cuba"]
[Date "2017.03.29"]
[Round "10.1"]
[White "Batista Rivera, Idalis"]
[Black "Rodriguez Matos, Adriana"]
[Result "1-0"]
[WhiteElo "1845"]
[BlackElo "1685"]
[PlyCount "79"]
[EventDate "2017.03.21"]
[EventType "swiss"]
[EventRounds "10"]
[EventCountry "CUB"]
[SourceTitle "EXT 2023"]
[Source "ChessBase"]
[SourceDate "2022.10.05"]
[SourceVersion "1"]
[SourceVersionDate "2022.10.05"]
[SourceQuality "1"]

1. e4 e5 2. Nf3 Nc6 3. Bb5 a6 4. Ba4 Nf6 5. Qe2 b5 6. Bb3 Bc5 7. c3 d6 8. d3 0-0 9. 0-0 Ne7 10. Bc2 Ng6 11. Rd1 Qe7 12. d4 Ba7 13. Bg5 h6 14. Be3 exd4 15. Bxd4 Bxd4 16. cxd4 Bb7 17. Nbd2 Rfe8 18. Re1 Qd7 19. Qf1 Nf4 20. g3 Qg4 21. h3 Nxh3+ 22. Kh2 Bc8 23. Bd1 Ng5 24. Nxg5 Qxg5 25. f4 Ng4+ 26. Kg2 Qh5 27. Qh1 Qg6 28. Bf3 Nf6 29. e5 dxe5 30. fxe5 Qd3 31. Nb3 Ng4 32. Qg1 Rb8 33. Rad1 Qg6 34. Rd2 h5 35. Bxg4 Qxg4 36. Qh2 Bb7+ 37. Kg1 Re6 38. Qh4 Qf3 39. Rf2 Qc6 40. Nc5 1-0

[Event "Moncada Cup"]
[Site "Santiago de Cuba"]
[Date "2017.03.24"]
[Round "5.1"]
[White "Rodriguez Matos, Adriana"]
[Black "Batista Rivera, Idalis"]
[Result "0-1"]
[WhiteElo "1685"]
[BlackElo "1845"]
[PlyCount "78"]
[EventDate "2017.03.21"]
[EventType "swiss"]
[EventRounds "10"]
[EventCountry "CUB"]
[SourceTitle "EXT 2023"]
[Source "ChessBase"]
[SourceDate "2022.10.05"]
[SourceVersion "1"]
[SourceVersionDate "2022.10.05"]
[SourceQuality "1"]

1. e4 e6 2. d3 d5 3. Nd2 c5 4. Ngf3 Nc6 5. g3 g6 6. Bg2 Bg7 7. 0-0 Nge7 8. Re1 0-0 9. e5 Rb8 10. Nf1 b6 11. Bf4 Nf5 12. c3 Bb7 13. h4 d4 14. c4 Ba8 15. N1h2 Rc8 16. Ng4 h5 17. Bg5 Qc7 18. Nf6+ Kh8 19. Qe2 Nce7 20. Qd2 Ng8 21. Kh2 Bh6 22. Bxh6 Nfxh6 23. Nxg8 Nxg8 24. Ng5 Kg7 25. Qf4 Qe7 26. g4 hxg4 27. Qxg4 Nh6 28. Qg3 Nf5 29. Qg4 Rh8 30. Qe2 Rxh4+ 31. Nh3 Rch8 32. Rh1 Bxg2 33. Kxg2 Qb7+ 34. f3 Ne3+ 35. Kg3 Qc7 36. f4 Qb7 37. Rag1 Nf5+ 38. Kf2 Rxh3 39. Rxh3 Rxh3 0-1

[Event "Moncada Cup"]
[Site "Santiago de Cuba"]
[Date "2017.03.22"]
[Round "2.2"]
[White "Cardosa Espino, Adria"]
[Black "Rodriguez Matos, Adriana"]
[Result "1/2-1/2"]
[WhiteElo "1703"]
[BlackElo "1685"]
[PlyCount "24"]
[EventDate "2017.03.21"]
[EventType "swiss"]
[EventRounds "10"]
[EventCountry "CUB"]
[SourceTitle "EXT 2023"]
[Source "ChessBase"]
[SourceDate "2022.10.05"]
[SourceVersion "1"]
[SourceVersionDate "2022.10.05"]
[SourceQuality "1"]

1. e4 e5 2. Bc4 Nf6 3. d4 exd4 4. Nf3 Nc6 5. 0-0 Nxe4 6. Re1 d5 7. Bxd5 Qxd5 8. Nc3 Qh5 9. Nxe4 Be6 10. Bg5 Bd6 11. Nxd6+ cxd6 12. Bf4 Qd5 1/2-1/2

[Event "Chessung Gp5 (Women)"]
[Site "Guantanamo"]
[Date "2017.02.23"]
[Round "10.2"]
[White "Rodriguez Matos, Adriana"]
[Black "Gonzalez Pina, Evelyn"]
[Result "0-1"]
[WhiteElo "1685"]
[BlackElo "1690"]
[PlyCount "86"]
[EventDate "2017.02.16"]
[EventType "tourn"]
[EventRounds "10"]
[EventCountry "CUB"]
[SourceTitle "EXT 2023"]
[Source "ChessBase"]
[SourceDate "2022.10.05"]
[SourceVersion "1"]
[SourceVersionDate "2022.10.05"]
[SourceQuality "1"]

1. e4 c5 2. Nf3 e6 3. d3 Nc6 4. g3 Qc7 5. Bg2 Nf6 6. 0-0 d6 7. Nc3 a6 8. Re1 Be7 9. Be3 0-0 10. Qd2 Rb8 11. a4 b5 12. axb5 axb5 13. Ne2 c4 14. dxc4 bxc4 15. c3 Nxe4 16. Qc2 d5 17. Ned4 Nc5 18. Nxc6 Qxc6 19. Ne5 Qc7 20. Bd4 f6 21. Nf3 Nd3 22. Re2 Rxb2 23. Qd1 Rxe2 24. Qxe2 Bc5 25. Bxc5 Nxc5 26. Nd4 Bd7 27. h4 Re8 28. Re1 Qd6 29. Bh3 e5 30. Bxd7 Qxd7 31. Nc2 Nd3 32. Rd1 Rb8 33. Ne3 Rb2 34. Qf3 e4 35. Qh5 Rb5 36. Ra1 g6 37. Ra8+ Kg7 38. Qe2 Rb1+ 39. Kh2 Rb2 40. Nc2 Ne5 41. Qd1 Nf3+ 42. Kg2 Rxc2 43. Kf1 Qh3# 0-1

[Event "Chessung Gp5 (Women)"]
[Site "Guantanamo"]
[Date "2017.02.20"]
[Round "7.3"]
[White "Rodriguez Matos, Adriana"]
[Black "Almaguer Merino, Yamisleydis"]
[Result "0-1"]
[WhiteElo "1685"]
[BlackElo "1769"]
[PlyCount "58"]
[EventDate "2017.02.16"]
[EventType "tourn"]
[EventRounds "10"]
[EventCountry "CUB"]
[SourceTitle "EXT 2023"]
[Source "ChessBase"]
[SourceDate "2022.10.05"]
[SourceVersion "1"]
[SourceVersionDate "2022.10.05"]
[SourceQuality "1"]

1. e4 c5 2. Nf3 Nc6 3. d4 cxd4 4. Nxd4 Nf6 5. Nxc6 bxc6 6. Nc3 e5 7. Bc4 Bb4 8. Bd2 Bxc3 9. Bxc3 Nxe4 10. Bxe5 Qa5+ 11. c3 Qxe5 12. Qe2 d6 13. 0-0 0-0 14. Rfe1 Nf6 15. Qf3 Qc5 16. Bd3 Rb8 17. Qe2 Bg4 18. Qd2 Rfe8 19. b4 Qb6 20. Qf4 c5 21. bxc5 Qxc5 22. c4 Re5 23. Kf1 Rc8 24. Reb1 Be2+ 25. Bxe2 Rxe2 26. Rb3 Re4 27. Qf3 Qxc4+ 28. Rd3 Ng4 29. Qg3 Ne5 0-1

[Event "Chessung Gp5 (Women)"]
[Site "Guantanamo"]
[Date "2017.02.18"]
[Round "5.2"]
[White "Gonzalez Pina, Evelyn"]
[Black "Rodriguez Matos, Adriana"]
[Result "1-0"]
[WhiteElo "1690"]
[BlackElo "1685"]
[PlyCount "61"]
[EventDate "2017.02.16"]
[EventType "tourn"]
[EventRounds "10"]
[EventCountry "CUB"]
[SourceTitle "EXT 2023"]
[Source "ChessBase"]
[SourceDate "2022.10.05"]
[SourceVersion "1"]
[SourceVersionDate "2022.10.05"]
[SourceQuality "1"]

1. e4 e5 2. Nf3 Nc6 3. Bb5 a6 4. Ba4 Nf6 5. d3 b5 6. Bb3 Na5 7. Nxe5 Nxb3 8. axb3 d5 9. exd5 Qxd5 10. 0-0 Bd6 11. Nf3 0-0 12. Nc3 Qh5 13. Ne2 Bb7 14. Ng3 Bxg3 15. fxg3 Ng4 16. h3 Nf6 17. Nh4 Qd5 18. Qf3 Qc5+ 19. Qf2 Qd5 20. Nf5 Rfe8 21. Bd2 Re5 22. g4 h5 23. Bc3 Re6 24. Bxf6 gxf6 25. gxh5 Re5 26. Qg3+ Kf8 27. Qg7+ Ke8 28. Rae1 Kd7 29. Rxe5 fxe5 30. Ne3 Qe6 31. Rxf7+ 1-0

[Event "Chessung Gp5 (Women)"]
[Site "Guantanamo"]
[Date "2017.02.17"]
[Round "3.1"]
[White "Rodriguez Matos, Adriana"]
[Black "Del Rosario Silva, Dexnisi"]
[Result "0-1"]
[WhiteElo "1685"]
[BlackElo "1773"]
[PlyCount "74"]
[EventDate "2017.02.16"]
[EventType "tourn"]
[EventRounds "10"]
[EventCountry "CUB"]
[SourceTitle "EXT 2023"]
[Source "ChessBase"]
[SourceDate "2022.10.05"]
[SourceVersion "1"]
[SourceVersionDate "2022.10.05"]
[SourceQuality "1"]

1. e4 d6 2. d4 Nf6 3. Nc3 c6 4. Nf3 Bg4 5. Be3 e6 6. h3 Bxf3 7. Qxf3 d5 8. e5 Nfd7 9. Bd3 a6 10. 0-0 c5 11. Ne2 Nc6 12. c3 Qc7 13. Nf4 Qb6 14. Rfc1 cxd4 15. cxd4 g6 16. Ne2 Bg7 17. Qg3 0-0 18. b3 Nb4 19. Bb1 Rac8 20. Nc3 Nc6 21. Rd1 Qb4 22. Ne2 Ncxe5 23. dxe5 Bxe5 24. Qf3 Bxa1 25. Nf4 Bg7 26. h4 Nf6 27. h5 Rc6 28. Qg3 Ne4 29. Qg4 Qe7 30. Nh3 Nc3 31. hxg6 fxg6 32. Bxg6 hxg6 33. Qxg6 Nxd1 34. Ng5 Rf6 35. Qh7+ Kf8 36. Bd4 Rh6 37. Bxg7+ Qxg7 0-1

[Event "Chessung Gp5 (Women)"]
[Site "Guantanamo"]
[Date "2017.02.16"]
[Round "2.3"]
[White "Almaguer Merino, Yamisleydis"]
[Black "Rodriguez Matos, Adriana"]
[Result "1-0"]
[WhiteElo "1769"]
[BlackElo "1685"]
[PlyCount "57"]
[EventDate "2017.02.16"]
[EventType "tourn"]
[EventRounds "10"]
[EventCountry "CUB"]
[SourceTitle "EXT 2023"]
[Source "ChessBase"]
[SourceDate "2022.10.05"]
[SourceVersion "1"]
[SourceVersionDate "2022.10.05"]
[SourceQuality "1"]

1. d4 d5 2. c4 c6 3. Nf3 Nf6 4. Nc3 dxc4 5. a4 Bf5 6. Bg5 e6 7. e4 h6 8. Bxf6 Qxf6 9. exf5 Qxf5 10. Bxc4 Bd6 11. 0-0 Nd7 12. Qe2 0-0 13. Rfe1 Nf6 14. Bd3 Qf4 15. Ne4 Bc7 16. Nxf6+ Qxf6 17. Qe4 g6 18. Ne5 Rad8 19. Rad1 Kh8 20. Re3 Rg8 21. Rf3 Qg7 22. Rxf7 Rxd4 23. Rxg7 Rxe4 24. Rxg8+ Kxg8 25. Bxe4 Bxe5 26. Rd8+ Kf7 27. Rd7+ Kf6 28. Rxb7 Bd4 29. Rc7 1-0